000 00392cam a22001217a 4500
008 180718b1954 xxu||||| |||| 00| 0 eng d
082 _aW71x54 In2s
245 _aStory of the Indian post office
_cedited by Mulk Raj Anand
260 _aDelhi
_bIndian Posts & Telegraphs Department
_c1954
300 _a198+p.
700 _aIndia. Indian Posts & Telegraphs Department
700 _aAnand, Mulk Raj
999 _c498695
_d498695